Butir-butir mutiara hikmat

Bibliographic Details
Main Author: خوبوي, عثمان بن حسن (Author)
Format: Book
Published: Semarang : Wicaksana , 1985
Subjects:

MARC

LEADER 00000cam a2200000 7i4500
001 0000004381
005 20230116093000.0
008 021118s1985
090 0 0 |a BP130.4   |b .K4415 
100 0 |a خوبوي, عثمان بن حسن ,   |e author 
245 1 0 |a Butir-butir mutiara hikmat   |c Uthman ibn Hassan al-Khubawi   |f alihbahasa Rosihan Abd. Gani 
260 2 |a Semarang :   |b Wicaksana ,   |c 1985 
300 |a 675 p. ;   |c 22 cm. 
500 |a Terjemahan: Durrat al-nasihin 
630 0 0 |a Qur'an; criticism, interpretation, etc 
999 |a 1000063540   |b Book   |c OPEN SHELF (30 DAYS)   |e Gong Badak Campus